Southville International School and Colleges
Your cart is empty.
  • Cart
  • Lists
    Public lists Eva Luna New books Lux_list list_1
    Your lists Log in to create your own lists
  • Log in to your account
  • Your cookies
  • Search history
Southville International School and Colleges
  • Advanced search
  • Recent comments
  • Most popular
  • Libraries

Log in to your account

Log in with GOOGLE


If you do not have an external account, but do have a local account, you can still log in:

  1. Home
  2. MARC view: A Treasury of little tales for little folk.
Normal view MARC view ISBD view

A Treasury of little tales for little folk. (Record no. 115091)

[ view plain ]
MARC details
000 -LEADER
fixed length control field 00577nam a2200181 a 4500
005 - DATE AND TIME OF LATEST TRANSACTION
control field 20140414132122.0
008 - FIXED-LENGTH DATA ELEMENTS--GENERAL INFORMATION
fixed length control field 121010s19uu xx 00 eng d
020 ## - INTERNATIONAL STANDARD BOOK NUMBER
International Standard Book Number 086227995
050 ## - LIBRARY OF CONGRESS CALL NUMBER
Classification number M 398.2
Item number Mc479 1992
100 ## - MAIN ENTRY--PERSONAL NAME
Personal name McKie, Anne
245 ## - TITLE STATEMENT
Title A Treasury of little tales for little folk.
260 ## - PUBLICATION, DISTRIBUTION, ETC. (IMPRINT)
Place of publication, distribution, etc London :
Name of publisher, distributor, etc Grandreams Limited,
Date of publication, distribution, etc 1992.
300 ## - PHYSICAL DESCRIPTION
Extent 93
500 ## - GENERAL NOTE
General note The Little red hen. the Enormous turnip. The Sorcerer's apprentice. The Big fat pancake.
650 ## - SUBJECT ADDED ENTRY--TOPICAL TERM
Topical term or geographic name as entry element stories-children-fairy tales.
700 ## - ADDED ENTRY--PERSONAL NAME
Personal name Ken Mckie (illustrator)
Holdings
Withdrawn status Lost status Damaged status Home library Current library Shelving location Date acquired Source of acquisition Total Checkouts Full call number Barcode Date last seen Price effective from Koha item type
      Munich Library Munich Library Main Section 10/10/2012     M 398.2 Mc479 1992 M7089 04/14/2014 04/14/2014 Books

A Treasury of little tales for little folk.

APA

McKie A., Ken Mckie (illustrator), . (1992). A Treasury of little tales for little folk. London: Grandreams Limited.

Chicago

McKie Anne, Ken Mckie (illustrator), . 1992. A Treasury of little tales for little folk. London: Grandreams Limited.

Harvard

McKie A., Ken Mckie (illustrator), . (1992). A Treasury of little tales for little folk. London: Grandreams Limited.

MLA

McKie Anne, Ken Mckie (illustrator), . A Treasury of little tales for little folk. London: Grandreams Limited. 1992.

  • Place hold
  • Print
  • Cite
  • Add to your cart (remove)
  • Save record
    BIBTEX Dublin Core MARCXML MARC (non-Unicode/MARC-8) MARC (Unicode/UTF-8) MARC (Unicode/UTF-8, Standard) MODS (XML) RIS
  • More searches
    Search for this title in:
    Other Libraries (WorldCat) Other Databases (Google Scholar) Online Stores (Bookfinder.com) Open Library (openlibrary.org)

Exporting to Dublin Core...

SOUTHVILLE LIBRARY

Southville International School and Colleges Library

1281 Tropical Ave. Cor. Luxembourg St., BF Homes International, Las Pinas City

Tel. No. 8256374 / 252358 Loc. 117/146

Powered by Koha